| 000 | 01267nac a22003737a 4500 | ||
|---|---|---|---|
| 001 | BR0501815 | ||
| 003 | BR-BrBNA | ||
| 005 | 20240105123130.0 | ||
| 008 | 230509b bl.|||m| |||| 00| 0 por d | ||
| 040 |
_aBR-BrBNA _bpor _cBiblioteca Nacional de Agricultura |
||
| 072 | _aL20; L52 | ||
| 090 | _a5212 BR0501815 | ||
| 100 | 1 | _aTurco, S.H.N. | |
| 100 | 1 | _aAraújo, G.G.L. de | |
| 100 | 1 | _aTeixeira, A.H.C. | |
| 100 | 1 | _aGuimarães Filho, C. | |
| 100 | 1 | _aMesquita, E. | |
| 100 | 1 | _aAlencar, S.C. de | |
| 110 | 1 | _aEMBRAPA Semi-Árido, Petrolina, PE (Brasil) | |
| 245 | 1 | _aAvaliação de alguns fatores do clima que influenciam a adaptação, o comportamento fisiológico e o desempenho de bovinos da raça Sindi, no Semi-Árido brasileiro | |
| 260 | 3 |
_aPetrolina, PE (Brasil): _c2004. |
|
| 300 | _a30 p. | ||
| 490 |
_aBoletim de Pesquisa e Desenvolvimento - EMBRAPA Semi-Árido (Brazil) _vno. 66 _xISSN 1516-1641 |
||
| 500 | _aSummaries (En, Pt); 15 illus.; 26 ref. | ||
| 650 | _aGADO SINDI | ||
| 650 | _aRAÇA | ||
| 650 | _aCOMPORTAMENTO ANIMAL | ||
| 650 | _aCONDIÇÃO AMBIENTAL | ||
| 650 | _aTEMPERATURA DO CORPO | ||
| 650 | _aPELO | ||
| 650 | _aPERFORMANCE | ||
| 909 |
_a202312 _bLúcia Elande _c55 _dLúcia Elande |
||
| 942 |
_2AGRIS _n0 _cMS |
||
| 999 |
_c294128 _d294128 |
||